Công nghệ mới đánh giá chất lượng cọc

Đề cập đến các công nghệ mới đánh giá chất lượng móng cọc sau khi thi công xong: siêu âm truyền qua sóng; Thử động biến dạng lớn; Thử động biến dạng nhỏ; thử tĩnh động Statnamic; Một số phương pháp kiểm tra khác...

Description complète

Enregistré dans:
Détails bibliographiques
Auteur principal: Nguyễn, Hữu Đẩu
Format: Livre
Langue:Undetermined
Publié: Hà Nội Xây dựng 2008
Sujets:
Tags: Ajouter un tag
Pas de tags, Soyez le premier à ajouter un tag!
Thư viện lưu trữ: Trung tâm Học liệu Trường Đại học Cần Thơ
LEADER 00968nam a2200205Ia 4500
001 CTU_168593
008 210402s9999 xx 000 0 und d
020 |c 52000 
082 |a 624.154 
082 |b Đ125 
100 |a Nguyễn, Hữu Đẩu 
245 0 |a Công nghệ mới đánh giá chất lượng cọc 
245 0 |c Nguyễn Hữu Đẩu 
260 |a Hà Nội 
260 |b Xây dựng 
260 |c 2008 
520 |a Đề cập đến các công nghệ mới đánh giá chất lượng móng cọc sau khi thi công xong: siêu âm truyền qua sóng; Thử động biến dạng lớn; Thử động biến dạng nhỏ; thử tĩnh động Statnamic; Một số phương pháp kiểm tra khác 
650 |a Foundations,Móng cọc,Architecture,Xây dựng 
904 |i Ánh Vân, Bạch Trúc 
980 |a Trung tâm Học liệu Trường Đại học Cần Thơ